000 00485cam a2200145 4500500
005 20260329014046.0
041 _afre
042 _adc
100 1 0 _aSibony, Judith
_eauthor
245 0 0 _aAmélie Nothomb : « Être gourmet, cela sauve »
260 _c2022.
500 _a30
786 0 _nRevue des deux Mondes | Décembre | 9 | 2022-12-01 | p. 41-47 | 2266-4734
856 4 1 _uhttps://shs.cairn.info/revue-revue-des-deux-mondes-2022-9-page-41?lang=fr&redirect-ssocas=7080
999 _c1885792
_d1885792